<?xml version="1.0" encoding="UTF-8"?>
<collection xmlns="http://www.loc.gov/MARC21/slim">
 <record>
  <leader>03583nam a2200313 a 4500</leader>
  <controlfield tag="001">1/45170</controlfield>
  <controlfield tag="008">140729s2004    uk            001 0 eng  </controlfield>
  <datafield tag="020" ind1=" " ind2=" ">
   <subfield code="a">9780750654715</subfield>
  </datafield>
  <datafield tag="020" ind1=" " ind2=" ">
   <subfield code="a">0750654716</subfield>
  </datafield>
  <datafield tag="020" ind1=" " ind2=" ">
   <subfield code="a">9780080473796 (electronic bk.)</subfield>
  </datafield>
  <datafield tag="020" ind1=" " ind2=" ">
   <subfield code="a">0080473792 (electronic bk.)</subfield>
  </datafield>
  <datafield tag="035" ind1=" " ind2=" ">
   <subfield code="l">48128</subfield>
  </datafield>
  <datafield tag="040" ind1=" " ind2=" ">
   <subfield code="a">OPELS</subfield>
   <subfield code="b">eng</subfield>
   <subfield code="c">OPELS</subfield>
   <subfield code="d">OCLCG</subfield>
   <subfield code="d">OCLCQ</subfield>
   <subfield code="d">SINTU</subfield>
   <subfield code="d">EEICP</subfield>
   <subfield code="d">N$T</subfield>
   <subfield code="d">MERUC</subfield>
   <subfield code="d">UWW</subfield>
   <subfield code="d">IDEBK</subfield>
   <subfield code="d">OCLCQ</subfield>
   <subfield code="d">GR-PeUP</subfield>
  </datafield>
  <datafield tag="100" ind1="1" ind2=" ">
   <subfield code="a">Mills, David.</subfield>
  </datafield>
  <datafield tag="245" ind1="1" ind2="0">
   <subfield code="a">Pneumatic conveying design guide</subfield>
   <subfield code="h">[electronic resource] /</subfield>
   <subfield code="c">David Mills.</subfield>
  </datafield>
  <datafield tag="250" ind1=" " ind2=" ">
   <subfield code="a">2nd ed.</subfield>
  </datafield>
  <datafield tag="260" ind1=" " ind2=" ">
   <subfield code="a">Oxford ;</subfield>
   <subfield code="a">Boston :</subfield>
   <subfield code="b">Elsevier/Butterworth-Heinemann,</subfield>
   <subfield code="c">2004.</subfield>
  </datafield>
  <datafield tag="300" ind1=" " ind2=" ">
   <subfield code="a">1 online resource (xii, 637 p.) :</subfield>
   <subfield code="b">ill.</subfield>
  </datafield>
  <datafield tag="520" ind1=" " ind2=" ">
   <subfield code="a">The Pneumatic Conveying Design Guide will be of use to both designers and users of pneumatic conveying systems. Each aspect of the subject is discussed from basic principles to support those new to, or learning about, this versatile technique. The Guide includes detailed data and information on the conveying characteristics of a number of materials embracing a wide range of properties. The data can be used to design pneumatic conveying systems for the particular materials, using logic diagrams for design procedures, and scaling parameters for the conveying line configuration. Where pneumatic conveyors already exist, the improvement of their performance is considered, based on strategies for optimizing and up-rating, and the extending of systems or adapting them for a change of material is also considered. All aspects of the pneumatic conveying system are considered, such as the type of material used, conveying distance, system constraints including feeding and discharging, health and safety requirements, and the need for continuous or batch conveying. * Highly practical, enabling suppliers and users to choose, design, and build suitable systems with a high degree of confidence * Health and safety requirements taken into consideration in the safe conveying methods described in this book * Practical application combined with background theory makes this an excellent resource for those learning about the topic.</subfield>
  </datafield>
  <datafield tag="505" ind1="0" ind2=" ">
   <subfield code="a">Systems and Components: -- Introduction to pneumatic conveying and the guide. -- Review of pneumatic conveying systems. -- Pipeline feeding devices. -- Pipelines and valves. -- Air movers. -- Gas-solid separation devices. -- System selection considerations. -- System Design: -- Air flow rate evaluation. -- Air only relations. -- Conveying characteristics. -- Conveying capability. -- Material property influences. -- Pipeline scaling parameters. -- Design procedures. -- Case studies. -- First approximation design methods. -- Multiple use systems. -- System Operation: -- Troubleshooting and material flow problems. -- Optimizing and up-rating of existing systems. -- Operating problems. -- Erosive wear. -- Particle degradation. -- Moisture and condensation. -- Health and safety. -- Appendix 1: Determination of relevant material properties. -- Appendix 2: Additional conveying data. -- Index.</subfield>
  </datafield>
  <datafield tag="504" ind1=" " ind2=" ">
   <subfield code="a">Includes bibliographical references and index.</subfield>
  </datafield>
  <datafield tag="650" ind1=" " ind2="4">
   <subfield code="a">Pneumatic-tube transportation.</subfield>
  </datafield>
  <datafield tag="655" ind1=" " ind2="4">
   <subfield code="a">Electronic books.</subfield>
  </datafield>
  <datafield tag="852" ind1=" " ind2=" ">
   <subfield code="a">INST</subfield>
   <subfield code="b">UNIPILB</subfield>
   <subfield code="c">EBOOKS</subfield>
   <subfield code="e">20140729</subfield>
   <subfield code="p">00b48128</subfield>
   <subfield code="q">00b48128</subfield>
   <subfield code="t">ONLINE</subfield>
   <subfield code="y">0</subfield>
  </datafield>
  <datafield tag="856" ind1="4" ind2="0">
   <subfield code="3">ScienceDirect</subfield>
   <subfield code="u">http://www.sciencedirect.com/science/book/9780750654715</subfield>
  </datafield>
  <datafield tag="856" ind1="4" ind2=" ">
   <subfield code="d">/webopac/covers/03/48128_9780750654715.jpg</subfield>
  </datafield>
  <datafield tag="856" ind1="4" ind2=" ">
   <subfield code="d">/webopac/covers/03/48128_0750654716.jpg</subfield>
  </datafield>
  <datafield tag="856" ind1="4" ind2=" ">
   <subfield code="d">/webopac/covers/03/48128_9780080473796.jpg</subfield>
   <subfield code="z">(electronic bk.)</subfield>
  </datafield>
  <datafield tag="856" ind1="4" ind2=" ">
   <subfield code="d">/webopac/covers/03/48128_0080473792.jpg</subfield>
   <subfield code="z">(electronic bk.)</subfield>
  </datafield>
 </record>
</collection>
